| 000 | 00629nam a2200181 4500 | ||
|---|---|---|---|
| 008 | 010821s1978 enk engYA | ||
| 020 | _a056705036X | ||
| 090 |
_aBS491 _bIn8d _bPet |
||
| 100 | 1 | _aBigg, Charles | |
| 245 | 1 | 0 |
_aA critical and exegetical commentary on the Epistles of St. Peter and St. Jude / _cCharles Bigg. |
| 260 |
_aEdinburgh : _bT & T Clark, _cc1978. |
||
| 300 | _a353 p. | ||
| 490 | 1 | _aInternational critical commentary | |
| 650 | 4 |
_aBible. N.T. Jude _xCommentaries. |
|
| 650 | 4 |
_aBible. N.T. Peter _xCommentaries. |
|
| 950 | 0 | _16.95/18.31 | |
| 951 |
_p10857 _oBS491/In8d/Pet _j070613110950015 _d2000-12-21 _cREF |
||
| 999 |
_c3248 _d3248 |
||